Toefl CBT success 2004 /
محفوظ في:
| المؤلف الرئيسي: | |
|---|---|
| التنسيق: | قرص مضغوط |
| اللغة: | Vietnamese |
| منشور في: |
Austrlia :
Thomson,
2004
|
| الوسوم: |
إضافة وسم
لا توجد وسوم, كن أول من يضع وسما على هذه التسجيلة!
|
| Thư viện lưu trữ: | Thư viện Trường Đại học Đà Lạt |
|---|
| LEADER | 00592nam a2200265 4500 | ||
|---|---|---|---|
| 001 | DLU060051804 | ||
| 005 | ##20051123 | ||
| 040 | # | # | |a DLU |b vie |
| 041 | # | # | |a vie |
| 044 | # | # | |a vn |
| 082 | # | # | |a 428 |b RO-B |
| 100 | # | # | |a Rogers, Bruce |
| 245 | # | # | |a Toefl CBT success 2004 / |c Bruce Rogers |
| 256 | # | # | |a 4 3/4 in. |
| 260 | # | # | |a Austrlia : |b Thomson, |c 2004 |
| 300 | # | # | |a 1 đĩa CD-ROM |c 4 3/4 in. |
| 992 | # | # | |a 0 |
| 994 | # | # | |a DLU |
| 900 | # | # | |a True |
| 911 | # | # | |a Nguyễn Xuân Phương |
| 925 | # | # | |a CD |
| 926 | # | # | |a A |
| 927 | # | # | |a CD |
| 980 | # | # | |a Thư viện Trường Đại học Đà Lạt |